NLSUI OPAC header image

National Law Reforms Round Table On The Law, Economic Reforms And Liberalisation (Record no. 110459)

MARC details
000 -LEADER
fixed length control field 00553nam a2200157Ia 4500
003 - CONTROL NUMBER IDENTIFIER
control field OSt
005 - DATE AND TIME OF LATEST TRANSACTION
control field 20211229144310.0
008 - FIXED-LENGTH DATA ELEMENTS--GENERAL INFORMATION
fixed length control field 171024s2002 xx 000 0 und d
040 ## - CATALOGING SOURCE
Transcribing agency .
245 ## - TITLE STATEMENT
Title National Law Reforms Round Table On The Law, Economic Reforms And Liberalisation
260 ## - PUBLICATION, DISTRIBUTION, ETC.
Place of publication, distribution, etc. Bangalore
Name of publisher, distributor, etc. CEERA, NLSIU
Date of publication, distribution, etc. 2002
650 ## - SUBJECT ADDED ENTRY--TOPICAL TERM
Topical term or geographic name entry element Economic and liberalisation
-- Exit policy
-- Indirect taxes - disinvestment
856 ## - ELECTRONIC LOCATION AND ACCESS
Uniform Resource Identifier <a href=" http://opac.nls.ac.in:8081/xmlui/handle/123456789/1019"> http://opac.nls.ac.in:8081/xmlui/handle/123456789/1019</a>
906 ## - LOCAL DATA ELEMENT F, LDF (RLIN)
a Reading material, Dec. 7 & 8 2002
942 ## - ADDED ENTRY ELEMENTS (KOHA)
Source of classification or shelving scheme Dewey Decimal Classification
Koha item type Repository
Holdings
Withdrawn status Lost status Damaged status Not for loan Collection code Home library Current library Shelving location Date acquired Cost, normal purchase price Total Checkouts Full call number Barcode Date last seen Price effective from Koha item type
          NLS NLS   08/08/2017 321.00   338.9 CEE REP12979 02/11/2017 02/11/2017 Repository